000 004650000a22001810004500
003 MACL
005 20151231140522.0
008 151231b xxu||||| |||| 00| 0 eng d
040 _aMACL
_cMACL
041 _aEnglish
082 _a370/CHA
100 _aChandak, Madhusudan lal
_925729
245 _aThe Educational Manual of madhya Pradesh
260 _bThe Lawyers Home
_c1969
_aIndore
350 _a20
650 _aEducation
_925730
942 _cBK
_k370/CHA
_2ddc
999 _c35576
_d35576